|
|
|
|
| LEADER |
00628 a2200133 4500 |
| 008 |
100208b ||||| |||| 00| 0 eng d |
| 082 |
|
|
|a 330.156
|
| 100 |
|
|
|a Keynes, John Maynard, 1883-1946; Royal Economic Society (Great Britain).
|
| 245 |
|
|
|a The collected writings of John Maynard Keynes :
|b general theory and after pt. 1 preparation /
|
| 260 |
|
|
|b Macmillan,
|c 1973.
|
| 650 |
|
|
|a Keynes, John Maynard, 1883-1946
|
| 942 |
|
|
|c BK
|
| 999 |
|
|
|c 311015
|d 311015
|
| 952 |
|
|
|0 0
|1 0
|2 ddc
|4 0
|6 330_156000000000000_KEY_C
|7 0
|9 357107
|a ECN
|b ECN
|c ST1
|d 2010-09-07
|e Macmillan Co. of India, Madras
|g 0.00
|i 1526
|l 0
|o 330.156 KEY/C
|p ECN1526
|r 2010-09-07
|w 2010-09-07
|y BK
|